LEADER 01224nam a2200253 i 4500 001 000000145166 003 CaOOAMICUS 005 20051117000000.0 008 051117s1951 it u000 u ita u 013 $a120558 040 $aSeMil$bita 100 1 $aConvegno di Studi Filosofici Cristiani tra Professori Universitari <6. ; 1950>.$0(OLS)http://semarc/name/57910 245 10$aPersona e società /$cCollaboratori : Antonelli ... [et al.]. 260 $aPadova :$bLiviana,$c1951. 300 $a462 p. :$b[1] c. di tav. (fot.) ;$c26 cm. 490 0 $aAtti dei Convegni di studi filosofici cristiani tra professori universitari ;$v6. 650 4$aFilosofia - Atti di congressi.$0(OLS)http://semarc/subject/57 650 4$aPersona e società.$0(OLS)http://semarc/subject/14008 700 1 $aAntonelli, Maria Teresa.$0(OLS)http://semarc/name/31594 830 0$aAtti dei Convegni di studi filosofici cristiani tra professori universitari ;$v6.$0(OLS)http://semarc/title/19555 850 $aSeMil 852 $aSeMil$W1$xVenegono$y1$m2R V 156$j97984$B97984$CSeMilBibl$Z2$F105862 $81 996 $6245$aPersona e società$9(OLS)http://semarc/title/212343 996 $6260$aPadova :$bLiviana$9(OLS)http://semarc/publisher/30718 LEADER 00867nam a2200229 i 4500 001 000000042287 003 CaOOAMICUS 005 20251020164107.0 008 090529s1933 it u000 u ita u 013 $a13457 040 $aSeMil$bita 245 13$aIl Bolscevismo /$cWaldemar Gurian. 260 $aMilano :$bVita e Pensiero,$c1933. 300 $a197 p. ;$c20 cm. 490 0 $aI quaderni del cattolicismo contemporaneo ;$v8 650 4$aBolscevismo - Russia.$0(OLS)http://semarc/subject/39393 830 2$aI quaderni del cattolicismo contemporaneo ;$v8.$0(OLS)http://semarc/title/18470 850 $aSeMil 852 $aSeMil$W1$xVenegono$y1$m3N I 784$j263508$B8442$CSeMilBibl$Z2$F8442 $81 996 $6245$aIl Bolscevismo$9(OLS)http://semarc/title/61614 996 $6260$aMilano :$bVita e Pensiero$9(OLS)http://semarc/publisher/29642